000 00777nam a22002777a 4500
001 BR7400913
003 BR-BrBNA
005 20241126093802.0
007 ta
008 230509b bl.||||| |||| 00| 0 por d
040 _aBR-BrBNA
_bpor
_cBiblioteca Nacional de Agricultura
041 _a(Por)
072 _aF00; E70
_b0430
090 _a 0430 BR7400913 OBR
_b2024-7447
100 1 _aBarros, P. de M.
245 1 _aO problema do algodao
_bDiscurso pronunciado na Camara dos Deputados na sessao de 28 de Dezembro de 1927
260 3 _aRio de Janeiro, GB (Brasil):
_bImprensa Nacional,
_c1928.
300 _a92 p.
650 _aALGODAO
650 _aCLIMA
650 _aSOLO
650 _aIMPORTACAO
650 _aEXPORTACAO
650 _aVARIEDADE
942 _cBK
_2AGRIS
999 _c19642
_d19642